[Event "Pardubice Region-chT 2223"]
[Site "Czech Republic"]
[Date "2023.01.29"]
[Round "7.1"]
[White "Nespor, Jakub"]
[Black "Holasek, Pavel"]
[Result "0-1"]
[WhiteElo "1924"]
[BlackElo "1982"]
[PlyCount "64"]
[EventDate "2022.10.09"]
[EventType "team-tourn"]
[EventRounds "11"]
[EventCountry "CZE"]
[SourceTitle "EXT 2024"]
[Source "ChessBase"]
[SourceDate "2023.10.10"]
[SourceVersion "1"]
[SourceVersionDate "2023.10.10"]
[SourceQuality "1"]

1. c4 c5 2. Nc3 Nc6 3. g3 g6 4. Bg2 Bg7 5. e4 d6 6. Nge2 e6 7. 0-0 Nge7 8. d3 0-0 9. Be3 Nd4 10. Qd2 Re8 11. f4 Rb8 12. Bf2 Nec6 13. Nxd4 Nxd4 14. Ne2 Nxe2+ 15. Qxe2 b5 16. Rab1 Qc7 17. Qc2 Bd7 18. b3 Bc6 19. Rfd1 Rec8 20. Rbc1 Qb7 21. Be3 a5 22. Rb1 Qa6 23. a4 bxa4 24. bxa4 Rb4 25. Rxb4 axb4 26. e5 Qxa4 27. Qxa4 Bxa4 28. Ra1 Bc2 29. d4 b3 30. exd6 b2 31. Re1 cxd4 32. Bd2 Rxc4 0-1

[Event "CZE-chT U18 Extraliga West 1516"]
[Site "Czech Republic"]
[Date "2015.10.03"]
[Round "2.2"]
[White "Nespor, Jakub"]
[Black "Slovak, Kilian"]
[Result "1/2-1/2"]
[WhiteElo "2000"]
[BlackElo "2080"]
[PlyCount "116"]
[EventDate "2015.10.03"]
[EventType "team-tourn"]
[EventRounds "11"]
[EventCountry "CZE"]
[SourceTitle "EXT 2022"]
[Source "ChessBase"]
[SourceDate "2021.10.06"]
[SourceVersion "1"]
[SourceVersionDate "2021.10.06"]
[SourceQuality "1"]
[WhiteTeam "Policka Stefanydes U18"]
[BlackTeam "Praha Kobylisy U18"]
[WhiteTeamCountry "CZE"]
[BlackTeamCountry "CZE"]

1. c4 g6 2. g3 Bg7 3. Bg2 d6 4. Nc3 f5 5. d3 Nf6 6. e4 c6 7. Nge2 0-0 8. 0-0 e5 9. h3 Be6 10. Be3 fxe4 11. Nxe4 Nxe4 12. dxe4 Bxc4 13. Qd2 Qe7 14. b3 Ba6 15. Rfd1 Bxe2 16. Qxe2 Na6 17. Rd2 Nc7 18. Rad1 Rfd8 19. h4 Kh8 20. Qc4 Ne8 21. Qb4 Rd7 22. Bh3 Rc7 23. Qa5 c5 24. Bg5 Qf7 25. Qb5 h6 26. Be3 Bf8 27. Qc4 Nf6 28. Qxf7 Rxf7 29. f3 Rc7 30. Be6 Kg7 31. a4 Rb8 32. Bc4 a6 33. a5 Be7 34. Kf2 Rf8 35. Kg2 Nd7 36. f4 Nf6 37. fxe5 dxe5 38. Bd5 Rd8 39. Kf3 h5 40. Bg5 Ng4 41. Bxe7 Rxe7 42. Rc1 Rf8+ 43. Kg2 Rc7 44. Rc3 Rd8 45. Rcd3 Nf6 46. Kf3 Rf8 47. Kg2 Rd8 48. Kf3 Rd6 49. Ke3 b5 50. axb6 Rxb6 51. Bc4 Rcb7 52. Ra2 Ra7 53. Ra5 Rc6 54. Rd2 Nd7 55. Bb5 Rcc7 56. Bxd7 Rxd7 57. Rxd7+ Rxd7 58. Rxc5 Rb7 1/2-1/2

[Event "Czech Fed-ch U14"]
[Site "Hrdonov"]
[Date "2013.11.01"]
[Round "8"]
[White "Vitak, Jiri"]
[Black "Nespor, Jakub"]
[Result "0-1"]
[WhiteElo "1579"]
[BlackElo "1664"]
[PlyCount "40"]
[EventDate "2013.10.26"]
[EventType "swiss"]
[EventRounds "9"]
[EventCountry "CZE"]
[SourceTitle "EXT 2016"]
[Source "ChessBase"]
[SourceDate "2015.10.08"]
[SourceVersion "1"]
[SourceVersionDate "2015.10.08"]
[SourceQuality "1"]

1. e4 g6 2. d4 Bg7 3. Nc3 d6 4. Be3 a6 5. Qd2 b5 6. a3 Bb7 7. Bd3 Nd7 8. Nf3 c5 9. 0-0 cxd4 10. Bxd4 Ngf6 11. Rfe1 0-0 12. Be3 Ng4 13. Bf4 Nge5 14. Nxe5 Nxe5 15. Bh6 Rc8 16. Bxg7 Kxg7 17. Re3 Qd7 18. Rf1 Rc7 19. Rh3 Qxh3 20. f4 Qh6 0-1

[Event "Czech Fed-ch U14"]
[Site "Hrdonov"]
[Date "2013.10.30"]
[Round "6"]
[White "Vitova, Anna"]
[Black "Nespor, Jakub"]
[Result "1/2-1/2"]
[WhiteElo "1550"]
[BlackElo "1664"]
[PlyCount "101"]
[EventDate "2013.10.26"]
[EventType "swiss"]
[EventRounds "9"]
[EventCountry "CZE"]
[SourceTitle "EXT 2016"]
[Source "ChessBase"]
[SourceDate "2015.10.08"]
[SourceVersion "1"]
[SourceVersionDate "2015.10.08"]
[SourceQuality "1"]

1. e4 g6 2. d4 Bg7 3. Nf3 d6 4. h3 Nd7 5. Nc3 c5 6. Bc4 Nb6 7. Bb5+ Bd7 8. Bxd7+ Nxd7 9. 0-0 cxd4 10. Nxd4 Ngf6 11. Be3 0-0 12. Qd2 Nc5 13. f3 Rc8 14. Rad1 a6 15. Nde2 Qc7 16. Nf4 b5 17. Ncd5 Qb7 18. b3 Nxd5 19. Nxd5 Ne6 20. f4 Nc5 21. Bxc5 Rxc5 22. f5 e6 23. fxe6 fxe6 24. Rxf8+ Bxf8 25. Nf6+ Kg7 26. Ne8+ Kf7 27. Nxd6+ Bxd6 28. Qxd6 Qa7 29. Kh1 Rxc2 30. Qf4+ Ke7 31. Qh4+ Kf8 32. Rd8+ Kg7 33. Rd1 Rf2 34. Qg4 Qf7 35. Kg1 Rxa2 36. Qh4 Qa7+ 37. Kh1 Rf2 38. Qd8 Rf7 39. Qd6 Rf6 40. e5 Rf7 41. Qxe6 Qe7 42. Qd5 Rf5 43. Re1 b4 44. Qd4 a5 45. e6+ Rf6 46. Qd7 Qxd7 47. exd7 Rd6 48. Re7+ Kf6 49. Rxh7 Ke6 50. Rg7 Kf6 51. Rh7 1/2-1/2